Stati affacciati sull'Oceano Atlantico - Statistics

Statistiche generali
  • Questo quiz è stato fatto 32 volte
  • Il punteggio medio è 74 su 93
Statistiche sulle risposte
Continente Stato % Corretto
Europa Francia
96%
Europa Irlanda
96%
Europa Regno Unito
96%
Europa Russia
96%
Europa Spagna
96%
Europa Danimarca
93%
Europa Norvegia
93%
Europa Svezia
93%
Asia Turchia
93%
Europa Croazia
89%
Europa Estonia
89%
Europa Finlandia
89%
Europa Germania
89%
Europa Grecia
89%
Europa Islanda
89%
Asia Israele
89%
Europa Lettonia
89%
Europa Lituania
89%
Europa Paesi Bassi
89%
Europa Polonia
89%
Europa Portogallo
89%
Asia Siria
89%
Europa Slovenia
89%
Europa Albania
86%
Europa Belgio
86%
America del Nord Canada
86%
Europa Italia
86%
Asia Libano
86%
Africa Marocco
86%
America del Sud Argentina
82%
America del Nord Barbados
82%
America del Nord Belize
82%
Europa Bosnia ed Erzegovina
82%
America del Sud Brasile
82%
Africa Capo Verde
82%
Asia Cipro
82%
Africa Guinea
82%
Africa Libia
82%
Europa Montenegro
82%
America del Nord Panama
82%
America del Nord Stati Uniti
82%
Africa Togo
82%
America del Sud Venezuela
82%
Africa Algeria
79%
America del Nord Antigua e Barbuda
79%
America del Sud Colombia
79%
America del Nord Cuba
79%
Africa Egitto
79%
Africa Ghana
79%
Africa Guinea-Bissau
79%
Africa Guinea Equatoriale
79%
Europa Malta
79%
America del Nord Messico
79%
Europa Monaco
79%
Africa Namibia
79%
America del Nord Nicaragua
79%
America del Nord Saint Kitts e Nevis
79%
America del Nord Saint Lucia
79%
Africa Senegal
79%
Africa Sudafrica
79%
Africa Tunisia
79%
Europa Ucraina
79%
Europa Bulgaria
75%
America del Nord Haiti
75%
America del Nord Honduras
75%
Africa Nigeria
75%
America del Nord Saint Vincent e Grenadine
75%
Africa Sierra Leone
75%
America del Sud Suriname
75%
America del Sud Uruguay
75%
Africa Benin
71%
America del Nord Giamaica
71%
America del Nord Grenada
71%
America del Nord Guatemala
71%
America del Sud Guyana
71%
Africa Mauritania
71%
America del Nord Costa Rica
68%
America del Nord Dominica
68%
Africa Gabon
68%
Africa Gambia
68%
Europa Georgia
68%
Africa Liberia
68%
Africa Repubblica del Congo
68%
Africa Repubblica Democratica del Congo
68%
America del Nord Repubblica Dominicana
68%
Europa Romania
68%
America del Nord Trinidad e Tobago
68%
Africa Angola
64%
America del Nord Bahamas
64%
Africa Camerun
64%
Africa São Tomé and Príncipe
61%
America del Sud Cile
57%
Africa Costa d'Avorio
57%
Nessun quiz corrispondente trovato
Distribuzione punteggi
Percentuale di utenti per punteggio
Percentile per numero di risposta
I tuoi punteggi nel tempo
Non hai fatto questo quiz